000 00701nab a22002297a 4500
001 09743
003 HDC
007 cr bn ---aaaaa
008 210128c20100605my ||||| |||| 00| 00may d
040 _aHDC
245 0 _aKempen 1Malaysia 1Halal temui rakyat Perlis
336 _atext
_2rdacontent
337 _acomputer
_2rdamedia
338 _aonline resource
_2rdacarrier
650 _aHalal food industry
_9128
650 _aInvestment
_9312
710 _aKosmo
856 _zRequest full-text at [email protected]
942 _2lcc
942 _cNEWS
942 _kNWSC 004048
999 _c7066
_d7066